| 000 | 01239nkm a2200313 c 4500 | ||
|---|---|---|---|
| 999 |
_c210186 _d210186 |
||
| 003 | BLK | ||
| 005 | 20220513143244.0 | ||
| 008 | 180412b bul rap|r|||| r0| ||bulo| | ||
| 010 | _aKNG00162907000 | ||
| 040 | _aBLK | ||
| 041 |
_aSER _cDRS |
||
| 080 |
_aПриложно изкуство. Художествени занаяти. Интериор. Дизайн. Играчки. Худож. пространствено оформление _b745/749 _z745/749 |
||
| 100 | 1 |
_aBihalji-Merin, Oto _eпърви автор _95236 |
|
| 139 |
_aBihalji-Merin, Oto _bБ 46 _fВ 57 _gБ 46 О |
||
| 245 | 1 | 0 |
_aMaske sveta _bPreobrazavanje. Skrivanje. Zacaravanje _cOto Bihalji-Merin. |
| 257 | _aSER | ||
| 260 |
_bVuk Karadzic _bMladinska knjiga _c1971 |
||
| 300 |
_a74 p. _bill. _c29 cm |
||
| 380 | _a7 | ||
| 500 | _aБиблиогр. с. 73. | ||
| 650 | 4 |
_aПриложно и декоративно изкуство _9248151 |
|
| 653 | _aприложни изкуства | ||
| 653 | _aмаски | ||
| 700 |
_aБихалджи - Мерин, Ото _eпърви автор _91299 |
||
| 852 | _aЦб Гр А ІІ 2125 | ||
| 856 | 4 |
_qpdf _u |
|
| 856 | 4 |
_qpdf _u |
|
| 942 |
_cGRA _n0 _s1 _01 |
||
| 944 |
_aCR _c10.07.2014 _l10.07.2014 - от С1,Р / 10.07.2014 _kКамелия_Данева |
||
| 944 |
_aED _c10.07.2014 _l10.07.2014 - от С1,Р / 10.07.2014 |
||
| 999 | _d210186 | ||